000 00978cam a2200229 i 4500
999 _c58083
_d58083
001 18587618
005 20210610130525.0
008 150423s2016 enka b 001 0 eng
020 _a9780190241414
041 _aeng
080 _a376.33 T- 44
245 0 4 _aThe Oxford handbook of deaf studies in language /
_cedited by Marc Marschark, Patricia Elizabeth Spencer.
264 1 _aNew York :
_bOxford University Press,
_c2016.
300 _a460 pages :
_billustrations ;
_c27 cm.
653 _aოქსფორდის სახელმძღვანელო ყრუ სწავლების ენაზე
653 _aОксфордский справочник по изучению глухих по языку
653 _aპედაგოგიკა
653 _aпедагогика
700 1 _aMarschark, Marc.
_eრედაქტორი
_9658
700 1 _aSpencer, Patricia Elizabeth.
_eრედაქტორი
_9659
942 _2udc
_cBK